Hindu Predictive Astrology/ (Record no. 206573)

MARC details
000 -LEADER
fixed length control field 00588nam a2200193 4500
005 - DATE AND TIME OF LATEST TRANSACTION
control field 20241022153105.0
010 ## - LCCN (DPL NO)
LC control number ENG-142263
020 ## - INTERNATIONAL STANDARD BOOK NUMBER
Terms of availability 80.00
International Standard Book Number 8185273545
035 ## - SYSTEM CONTROL NUMBER
System control number EN-125797
037 ## - SOURCE OF ACQUISITION
Source of stock number/acquisition DBAD
082 ## - DEWEY DECIMAL CLASSIFICATION NUMBER
Classification number 133.5
100 ## - MAIN ENTRY--PERSONAL NAME
Personal name Raman, B. V.
245 ## - TITLE STATEMENT
Title Hindu Predictive Astrology/
Remainder of title B. V. Raman
250 ## - EDITION STATEMENT
Edition statement First
260 ## - PUBLICATION, DISTRIBUTION, ETC. (IMPRINT)
Name of publisher, distributor, etc UBS Publishers' Distributors Pvt. Ltd.
Place of publication, distribution, etc New Delhi
Date of publication, distribution, etc 2004
270 ## - ADDRESS
Address 5 Ansari Road
City New Delhi
Postal code 110002
Electronic mail address ubspd@ubspd.com
Telephone number 01123273601
-- 2326646
300 ## - PHYSICAL DESCRIPTION
Extent 292p.
Dimensions 18cm(pb)
942 ## - ADDED ENTRY ELEMENTS (KOHA)
Source of classification or shelving scheme Dewey Decimal Classification
Item type English Books
Classification part 133.5
Call number suffix RAM
Edition 2004
Holdings
Withdrawn status Lost status Not for loan Collection code Home library Current library Date acquired Source of acquisition Cost, normal purchase price Full call number Barcode Copy number Cost, replacement price Koha item type
      Non-fiction Bawana Bawana 22/10/2024 DBAD 80.00 133.5 RAM EN-125795 1 80.00 English Books

© Delhi Public Library
Hit Counter
free hit counter